Environmental perspectives
Αποθηκεύτηκε σε:
| Άλλοι συγγραφείς: | , , |
|---|---|
| Μορφή: | Βιβλίο |
| Γλώσσα: | English |
| Δημοσίευση: |
Aldershot :
Avebury,
1988.
|
| Σειρά: | Ethnoscapes ;
1 |
| Θέματα: | |
| Ετικέτες: |
Προσθήκη ετικέτας
Δεν υπάρχουν, Καταχωρήστε ετικέτα πρώτοι!
|
MARC
| LEADER | 00000cam a2200000 i 4500 | ||
|---|---|---|---|
| 001 | 1/1381 | ||
| 008 | 950710s1988 enk| ||| |||| ||eng|| | ||
| 020 | |a 0566050803 | ||
| 035 | |l 10014418 | ||
| 040 | |a GR-MyUa |b gre |e AACR2 | ||
| 041 | 0 | |a eng | |
| 082 | 7 | |a 304.2 |2 (22) | |
| 245 | 0 | 0 | |a Environmental perspectives / |c edited by David Canter, Martin Krampen, David Stea. |
| 260 | |a Aldershot : |b Avebury, |c 1988. | ||
| 300 | |a xxix, 289 σ. : |b εικ. ; |c 23 εκ. | ||
| 490 | 1 | |a (Ethnoscapes ; |v 1) | |
| 504 | |a Περιέχει βιβλιογραφία και ευρετήριο. | ||
| 650 | 0 | 0 | |a Human beings |x Effect of environment on |x Cross-cultural studies. |
| 650 | 0 | 0 | |a Environmental psychology |x Cross-cultural studies. |
| 650 | 0 | 0 | |a Architecture |x Environmental aspects. |
| 650 | 0 | 0 | |a Architecture |x Human factors |x Cross-cultural studies. |
| 650 | 0 | 0 | |a City planning |x Environmental aspects |x Cross-cultural studies. |
| 700 | 1 | |a Canter, David V. |e edt | |
| 700 | 1 | |a Krampen, Martin, |d 1928-2015, |e edt | |
| 700 | 1 | |a Stea, David, |e edt | |
| 830 | 0 | |a Ethnoscapes ; |v 1 | |
| 852 | |a INST |b LESVOS |e 19950710 |h 304.2 ENV |p 005100007769 |q 005100007769 |t BK |y 0 | ||
| 922 | |a 1ΕΛΗ |b 199305 |c ΠΠ/2113 | ||